• 首页
  • 本馆介绍
  • 公告通知
  • 最新文献
  • 馆藏检索
  • 电子资源
  • 读者导购
  • 参考咨询
  • 我的图书馆
  • 登录
  • 详细信息显示
  • 放入我的书架
  • 预约/预借图书
  • 作者相关作品
  • 分类相关作品
  • 丛书相关作品
  • 出版社相关作品

书目信息

  • 表格格式
  • 工作单格式
  • 卡片格式
题名:
鲁迅作序跋的著作选集
    
 
作者: 张南庄 著
分册:   萧伯纳在上海
出版信息: 上海   上海书店  
页数:
开本: 19cm
丛书名:
单 册:
中图分类: I210.4
科图分类:
主题词:
电子资源:
ISBN:
000 00665nam0 2200205 45
001 0181013645
005 20061107094753.79
010    @dCNY1.05(上下二函)共27.00
100    @a20810111d km y0chiy0120 ea
101 0  @achi
105    @a z 000yy
200 1  @Aluxunzuoxubadezhuzuoxuanji@a鲁迅作序跋的著作选集@i萧伯纳在上海@f张南庄等著
210    @a上海@c上海书店
215    @c无图表@d19cm
300    @a本函包括《尘影》《小小十年》《何典》《游仙窟》《二月》《痴华蔓》《萧伯纳在上海》《信》八册
517 1  @a萧伯纳在上海@Axiao bo na zai shang hai
690    @aI210.4
701 0  @a张南庄@4著
801    @aCN@bTSTC@c20061107
905    @dI210.4@e118:1(1)@f5@b146314
    
    鲁迅作序跋的著作选集.萧伯纳在上海/张南庄等著.-上海:上海书店
    无图表;19cm
    本函包括《尘影》《小小十年》《何典》《游仙窟》《二月》《痴华蔓》《萧伯纳在上海》《信》八册
    
    ISBN :CNY1.05(上下二函)共27.00
    
●
相关链接 在E读中查询图书 在五车中查询图书 在当当中查询图书 在豆瓣中查询图书


正题名:鲁迅作序跋的著作选集     索取号:I210.4/118:1(1)         预约/预借

序号 登录号 条形码 馆藏地/架位号 状态 备注
1 0146315   202085206   第一样本阅览室/ [索取号:I210.4/118:1(1)] 在馆    
欢迎您!
大连网信软件有限公司© 版权所有